000 00486nam a2200181Ia 4500
008 200601s9999 xx 000 0 und d
020 _a0-7172-4693-0
050 _aREF PE 1625
050 _b.N49 1994 v.1
245 4 _aThe New Lexicon Webster's dictionary of the English language /
260 _aDanbury, CT :
260 _bLexicon Publications,
260 _c1994
300 _a704 pages :
300 _c28 cm.
440 _v1
650 _aEnglish language -- Dictionaries.
999 _c363400
_d363400